000 00478nam a2200181 a 4500
001 15857
005 20180713204634.0
008 140415s1973 000 0 spa d
041 _aspa
082 _a658
_bMAR
100 1 _aMARTY, HOME
245 1 0 _aEMPRESAS MULTINACIONALES
260 _a[s.l.] :
_bPROLAM,
_c1973
300 _a270
650 1 4 _aADMINISTRACION DE EMPRESAS
700 1 _aORRIES E IBARS, JOSE
_etr.
700 1 _aNIELSEN, ARTHUR C.
_eprĂ³l.
999 _c15857
_d15857